Catalog

Record Details

Catalog Search



Astonishing X-men. Xenogenesis / Warren Ellis, ... Read More

Ellis, Warren.(Author).
Andrews, Kaare.(Added Author).

Available copies

  • 2 of 3 copies available at LARL/NWRL Consortium.
  • 1 of 1 copy available at Northwest Regional Library. (Show preferred library)

Current holds

0 current holds with 3 total copies.

Show Only Available Copies
Location Call Number / Copy Notes Barcode Shelving Location Status Due Date
Thief River Falls Public Library ya ELL (Text) 35500004978811 Main Available -
Moorhead Public Library Y G ELL (Text) 33500010555613 Main Available -
Moorhead Public Library Y G ELL (Text) 33500010555621 Main Checked out 05/29/2026

Record details

  • ISBN: 9780785144915 (hc.)
  • ISBN: 0785144919 (hc.)
  • ISBN: 9780785140337 (sc.)
  • ISBN: 0785140336 (sc.)
  • Physical Description: 1 v. (unpaged) : chiefly col. ill. ; 27 cm.
  • Publisher: New York : Marvel Worldwide, Inc., c2011.

Content descriptions

General Note:
"Contains material originally published in magazine form as Astonishing X-Men: Xenogenesis #1-5 and ... Read More
Subject: X-Men (Fictitious characters) > Comic books, strips, etc.
Genre: Science fiction comic books, strips, etc.
Superhero comic books, strips, etc.
Comic books, strips, etc.
LDR 01739cam a2200385Ia 4500
001135665
003LARL_NWRL_CONSORTIUM
00520110929121809.0
008100922s2011 nyua 6 000 1 eng d
020 . ‡a9780785144915 (hc.)
020 . ‡a0785144919 (hc.)
020 . ‡a9780785140337 (sc.)
020 . ‡a0785140336 (sc.)
035 . ‡a(OCoLC)666233206
040 . ‡aBTCTA ‡beng ‡cBTCTA ‡dHBP ‡dORX
08204. ‡a741.5/973 ‡222
1001 . ‡aEllis, Warren. ‡0(LARL_NWRL_CONSORTIUM)141990
24510. ‡aAstonishing X-men. ‡pXenogenesis / ‡cWarren Ellis, writer ; Kaare Andrews, artist ; Frank D'Armata, colorist ; Virtual Caligraphy's Joe Caramagna & Clayton Cowles, letterers.
24630. ‡aXenogenesis
260 . ‡aNew York : ‡bMarvel Worldwide, Inc., ‡cc2011.
300 . ‡a1 v. (unpaged) : ‡bchiefly col. ill. ; ‡c27 cm.
4900 . ‡aAstonishing X-Men
500 . ‡a"Contains material originally published in magazine form as Astonishing X-Men: Xenogenesis #1-5 and Astonishing X-Men: Xenogenesis #1 director's cut."
650 0. ‡aX-Men (Fictitious characters) ‡vComic books, strips, etc.
655 0. ‡aScience fiction comic books, strips, etc.
655 0. ‡aSuperhero comic books, strips, etc.
655 0. ‡aComic books, strips, etc.
7001 . ‡aAndrews, Kaare. ‡0(LARL_NWRL_CONSORTIUM)212428
948 . ‡hNO HOLDINGS IN LAL - 133 OTHER HOLDINGS
994 . ‡aZ0 ‡bLAL
901 . ‡a135665 ‡bOCLC ‡c135665 ‡tbiblio

Additional Resources